<?xml version="1.0" encoding="UTF-8"?>
<record
    xmlns:xsi="http://www.w3.org/2001/XMLSchema-instance"
    xsi:schemaLocation="http://www.loc.gov/MARC21/slim http://www.loc.gov/standards/marcxml/schema/MARC21slim.xsd"
    xmlns="http://www.loc.gov/MARC21/slim">

  <leader>00609nam a22001337a 4500</leader>
  <datafield tag="040" ind1=" " ind2=" ">
    <subfield code="c">RUA</subfield>
  </datafield>
  <datafield tag="082" ind1=" " ind2=" ">
    <subfield code="a">AGR HAK B518 2015 Or.1</subfield>
  </datafield>
  <datafield tag="100" ind1=" " ind2=" ">
    <subfield code="a">HAK PHALLY; &#x17A0;&#x17B6;&#x1780;&#x17CB; &#x1795;&#x179B;&#x17D2;&#x179B;&#x17B8;</subfield>
  </datafield>
  <datafield tag="245" ind1=" " ind2=" ">
    <subfield code="a">Effect of different plant spacing on Bok choy (Brassica rapa chinensis.) at Kbal Koh vegetable reasearch station;&#x17A5;&#x1791;&#x17D2;&#x1792;&#x17B7;&#x1796;&#x179B;&#x1785;&#x1793;&#x17D2;&#x1796;&#x17C4;&#x17C7;&#x1782;&#x17BB;&#x1798;&#x17D2;&#x1796;&#x1781;&#x17BB;&#x179F;&#x17D7;&#x1782;&#x17D2;&#x1793;&#x17B6;&#x179B;&#x17BE;&#x178A;&#x17C6;&#x178E;&#x17B6;&#x17C6;&#x179F;&#x17D2;&#x1796;&#x17C3;&#x178F;&#x17BF;&#x1793;&#x17C5;&#x179F;&#x17D2;&#x1790;&#x17B6;&#x1793;&#x17B8;&#x1799;&#x17CF;&#x1794;&#x1793;&#x17D2;&#x179B;&#x17C2;&#x1780;&#x17D2;&#x1794;&#x17B6;&#x179B;&#x1780;&#x17C4;&#x17C7;</subfield>
  </datafield>
  <datafield tag="260" ind1=" " ind2=" ">
    <subfield code="a">Phnom Penh</subfield>
    <subfield code="b">RUA</subfield>
    <subfield code="c">2015</subfield>
  </datafield>
  <datafield tag="300" ind1=" " ind2=" ">
    <subfield code="a">xi;50p;</subfield>
    <subfield code="b">ill;</subfield>
    <subfield code="c">29cm</subfield>
  </datafield>
  <datafield tag="856" ind1=" " ind2=" ">
    <subfield code="u"> HAK PHALLY</subfield>
  </datafield>
  <datafield tag="942" ind1=" " ind2=" ">
    <subfield code="c">AGR</subfield>
  </datafield>
  <datafield tag="999" ind1=" " ind2=" ">
    <subfield code="c">10532</subfield>
    <subfield code="d">10532</subfield>
  </datafield>
  <datafield tag="952" ind1=" " ind2=" ">
    <subfield code="0">0</subfield>
    <subfield code="1">0</subfield>
    <subfield code="2">ddc</subfield>
    <subfield code="4">0</subfield>
    <subfield code="6">AGR_HAK_B518_2015_000000000000000_OR_1</subfield>
    <subfield code="7">0</subfield>
    <subfield code="9">54368</subfield>
    <subfield code="a">LBB</subfield>
    <subfield code="b">LBB</subfield>
    <subfield code="c">B518</subfield>
    <subfield code="d">2016-10-26</subfield>
    <subfield code="o">AGR HAK B518 2015 Or.1</subfield>
    <subfield code="p">A02827</subfield>
    <subfield code="r">2016-10-26</subfield>
    <subfield code="w">2016-10-26</subfield>
    <subfield code="y">AGR</subfield>
  </datafield>
  <datafield tag="952" ind1=" " ind2=" ">
    <subfield code="0">0</subfield>
    <subfield code="1">0</subfield>
    <subfield code="2">ddc</subfield>
    <subfield code="4">0</subfield>
    <subfield code="6">AGR_HAK_B518_2015_000000000000000_OR_2</subfield>
    <subfield code="7">0</subfield>
    <subfield code="9">54369</subfield>
    <subfield code="a">LBB</subfield>
    <subfield code="b">LBB</subfield>
    <subfield code="c">B518</subfield>
    <subfield code="d">2016-10-26</subfield>
    <subfield code="l">3</subfield>
    <subfield code="o">AGR HAK B518 2015 Or.2</subfield>
    <subfield code="p">A01414</subfield>
    <subfield code="r">2026-06-17</subfield>
    <subfield code="s">2026-06-09</subfield>
    <subfield code="w">2016-10-26</subfield>
    <subfield code="y">AGR</subfield>
  </datafield>
  <datafield tag="952" ind1=" " ind2=" ">
    <subfield code="0">0</subfield>
    <subfield code="1">0</subfield>
    <subfield code="2">ddc</subfield>
    <subfield code="4">0</subfield>
    <subfield code="6">AGR_HAK_B518_2015_000000000000000_OR_3</subfield>
    <subfield code="7">0</subfield>
    <subfield code="9">54370</subfield>
    <subfield code="a">LBB</subfield>
    <subfield code="b">LBB</subfield>
    <subfield code="c">B518</subfield>
    <subfield code="d">2016-10-26</subfield>
    <subfield code="o">AGR HAK B518 2015 Or.3</subfield>
    <subfield code="p">A02167</subfield>
    <subfield code="r">2016-10-26</subfield>
    <subfield code="w">2016-10-26</subfield>
    <subfield code="y">AGR</subfield>
  </datafield>
  <datafield tag="952" ind1=" " ind2=" ">
    <subfield code="0">0</subfield>
    <subfield code="1">0</subfield>
    <subfield code="2">ddc</subfield>
    <subfield code="4">0</subfield>
    <subfield code="6">AGR_HAK_B518_2015_000000000000000_OR_4</subfield>
    <subfield code="7">0</subfield>
    <subfield code="9">54371</subfield>
    <subfield code="a">LBB</subfield>
    <subfield code="b">LBB</subfield>
    <subfield code="c">B518</subfield>
    <subfield code="d">2016-10-26</subfield>
    <subfield code="l">3</subfield>
    <subfield code="o">AGR HAK B518 2015 Or.4</subfield>
    <subfield code="p">A02726</subfield>
    <subfield code="r">2026-06-17</subfield>
    <subfield code="s">2026-06-09</subfield>
    <subfield code="w">2016-10-26</subfield>
    <subfield code="y">AGR</subfield>
  </datafield>
  <datafield tag="952" ind1=" " ind2=" ">
    <subfield code="0">0</subfield>
    <subfield code="1">0</subfield>
    <subfield code="2">ddc</subfield>
    <subfield code="4">0</subfield>
    <subfield code="6">AGR_HAK_B518_2015_000000000000000_OR_5</subfield>
    <subfield code="7">0</subfield>
    <subfield code="9">54372</subfield>
    <subfield code="a">LBB</subfield>
    <subfield code="b">LBB</subfield>
    <subfield code="c">B518</subfield>
    <subfield code="d">2016-10-26</subfield>
    <subfield code="l">1</subfield>
    <subfield code="o">AGR HAK B518 2015 Or.5</subfield>
    <subfield code="p">A02233</subfield>
    <subfield code="r">2019-07-26</subfield>
    <subfield code="s">2019-06-25</subfield>
    <subfield code="w">2016-10-26</subfield>
    <subfield code="y">AGR</subfield>
  </datafield>
  <datafield tag="952" ind1=" " ind2=" ">
    <subfield code="0">0</subfield>
    <subfield code="1">0</subfield>
    <subfield code="2">ddc</subfield>
    <subfield code="4">0</subfield>
    <subfield code="6">AGR_HAK_B518_2015_000000000000000_OR_6</subfield>
    <subfield code="7">0</subfield>
    <subfield code="9">54373</subfield>
    <subfield code="a">LBB</subfield>
    <subfield code="b">LBB</subfield>
    <subfield code="c">B518</subfield>
    <subfield code="d">2016-10-26</subfield>
    <subfield code="o">AGR HAK B518 2015 Or.6</subfield>
    <subfield code="p">A02927</subfield>
    <subfield code="r">2016-10-26</subfield>
    <subfield code="w">2016-10-26</subfield>
    <subfield code="y">AGR</subfield>
  </datafield>
  <datafield tag="952" ind1=" " ind2=" ">
    <subfield code="0">0</subfield>
    <subfield code="1">0</subfield>
    <subfield code="2">ddc</subfield>
    <subfield code="4">0</subfield>
    <subfield code="6">AGR_HAK_B518_2015_000000000000000_OR_7</subfield>
    <subfield code="7">0</subfield>
    <subfield code="9">54374</subfield>
    <subfield code="a">LBB</subfield>
    <subfield code="b">LBB</subfield>
    <subfield code="c">B518</subfield>
    <subfield code="d">2016-10-26</subfield>
    <subfield code="o">AGR HAK B518 2015 Or.7</subfield>
    <subfield code="p">A01356</subfield>
    <subfield code="r">2016-10-26</subfield>
    <subfield code="w">2016-10-26</subfield>
    <subfield code="y">AGR</subfield>
  </datafield>
  <datafield tag="952" ind1=" " ind2=" ">
    <subfield code="0">0</subfield>
    <subfield code="1">0</subfield>
    <subfield code="2">ddc</subfield>
    <subfield code="4">0</subfield>
    <subfield code="6">AGR_HAK_B518_2015_000000000000000_OR_8</subfield>
    <subfield code="7">0</subfield>
    <subfield code="9">54375</subfield>
    <subfield code="a">LBB</subfield>
    <subfield code="b">LBB</subfield>
    <subfield code="c">B518</subfield>
    <subfield code="d">2016-10-26</subfield>
    <subfield code="l">2</subfield>
    <subfield code="o">AGR HAK B518 2015 Or.8</subfield>
    <subfield code="p">A00492</subfield>
    <subfield code="r">2017-11-11</subfield>
    <subfield code="s">2017-09-29</subfield>
    <subfield code="w">2016-10-26</subfield>
    <subfield code="y">AGR</subfield>
  </datafield>
</record>
